Random Asian Countries by Image - Statistics

General Stats
  • This quiz has been taken 18 times
    4 since last reset
  • The average score is 4 of 10
Answer Stats
Picture Answer % Correct
Japan
100%
China
33%
India
33%
Maldives
33%
Mongolia
33%
Nepal / China
33%
Singapore
33%
Taiwan
33%
United Arab Emirates
33%
Brunei
0%
No matching quizzes found
Score Distribution
Percent of People with Each Score
Percentile by Number Answered
Your Score History
You have not taken this quiz since the last reset